| 000 | 00596nam a22002057a 4500 | ||
|---|---|---|---|
| 999 |
_c8523 _d8523 |
||
| 001 | 22448 | ||
| 003 | BD-DhUAP | ||
| 005 | 20240815132259.0 | ||
| 008 | 240815b2013 bg |||| |||| 00| 0 eng d | ||
| 020 | _a9789843356956 | ||
| 040 |
_aBD-DhUAP _beng _cBD-DhUAP _dBD-DhUAP |
||
| 082 |
_223 _a345.5492002632 RAH |
||
| 100 | _aRahman,Dr. Mir Shamsur | ||
| 245 |
_aPanel Code,1860. _b(Act No.XLV Of 1860). _cDr. Mir Shamsur Rahman. |
||
| 260 |
_aDhaka : _bLaw Book Company; _c2013. |
||
| 300 |
_a456 pages ; _c22 cm. |
||
| 650 |
_aCriminal law _zBangladesh. |
||
| 700 | _aWahab, Nazia. | ||
| 942 |
_2ddc _cBK |
||